Đang tải...

Nireekshanangal /

Chi tiết về thư mục
Tác giả chính: Balachandran, Kb
Ngôn ngữ:Undetermined
Được phát hành: Thrissur : Current Books , 1994.
Những chủ đề:
LEADER 00624nam a2200157Ia 4500
001 68480
008 170722s9999 xx 000 0 und d
100 |a Balachandran, Kb 
245 |a Nireekshanangal / 
260 |a Thrissur :  |b Current Books ,  |c 1994. 
300 |a 106 p.  |c 20.9cms 
653 |a Malayalam Prose 
942 |c GEN 
999 |c 114290  |d 114290 
952 |0 0  |1 0  |4 0  |6 O_326N492X_N4KRN41  |7 0  |8 KR  |9 161351  |a LIB  |b LIB  |d 2017-08-12  |o O32,6N492x N4(KR)-N4;1  |p 218269  |r 2017-08-12  |v 23.00  |w 2017-08-12  |y GEN 
952 |0 0  |1 0  |4 0  |6 O_326N492X_N4KRN41  |7 0  |9 161352  |a LIB  |b LIB  |d 2017-08-12  |o O32,6N492x N4(KR)-N4;1  |p 218270  |r 2017-08-12  |v 23.00  |w 2017-08-12  |y GEN